| 000 | 01371cam a22003135i 4500 | ||
|---|---|---|---|
| 999 |
_c28068 _d28039 |
||
| 001 | 019026662 | ||
| 003 | EG-ScBUE | ||
| 005 | 20200212143020.0 | ||
| 008 | 180810t20192019enka f b 001 0 eng d | ||
| 020 | _z9780081025345 (pbk.) | ||
| 040 |
_aStDuBDS _beng _erda _cStDuBDS _dUk _dEG-ScBUE |
||
| 082 | 0 | 4 |
_a624.1762 _bADV _222 |
| 245 | 0 | 0 |
_aAdvanced design examples of seismic retrofit of structures / _c[edited by] Mohammad Yekrangnia. |
| 264 | 1 |
_aOxford ; _aCambridge, MA. : _bButterworth-Heinemann / Elsevier, _c[2019] |
|
| 264 | 4 | _cc2019 | |
| 300 |
_axv, 468 pages : _billustrations (color) ; _c24 cm |
||
| 336 |
_atext _btxt _2rdacontent |
||
| 337 |
_aunmediated _bn _2rdamedia |
||
| 338 |
_avolume _bnc _2rdacarrier |
||
| 504 | _aIncludes bibliographical references and index. | ||
| 505 | 0 | _a1. Introduction<br>2. Example of a Two-story Unreinforced Masonry School Building<br>3. Example of a Steel Moment-resisting Frame with Masonry Infill Walls<br>4. Example of a Reinforced Concrete Frame<br>5. Examples of Rehabilitation of Historical Structures<br>6. Examples of Non-engineered Buildings | |
| 650 | 7 |
_aEarthquake engineering. _2BUEsh |
|
| 650 | 7 |
_aBuildings _xRetrofitting. _2BUEsh |
|
| 653 |
_bENGCIV _cFebruary2020 |
||
| 700 | 1 |
_aYekrangnia, Mohammad, _eeditor. |
|
| 776 | 0 | 8 |
_iPrint version : _z9780081025345 |
| 942 |
_2ddc _cBB |
||